| 000 | 00528nam a2200157Ia 4500 | ||
|---|---|---|---|
| 008 | 151213s9999 xx 000 0 und d | ||
| 100 | _aO'Hood Phillips Paul Jackson & Patricia Leopold | ||
| 245 |
_aO'Hood Phillips & Jackson :Constitutional Administrative Law _cO'Hood Phillips Paul Jackson & Patricia Leopold |
||
| 250 | _a8th | ||
| 260 |
_aAustralia _bLondon Sweet & Maxwell _c2001 |
||
| 300 | _a3291 p. | ||
| 650 | _aLaw | ||
| 650 | _aLaw | ||
| 700 | _aO'Hood Phillips Paul Jackson & Patricia Leopold | ||
| 999 |
_c2248 _d2248 |
||